00405 2200145 4500245009300000020001800093250001100111100001900122650003600141005001900177260003100196041001400227084000900241336000900250 aEnsiklopedia Ilmiah Anak Muslim ; Ikan,Reptil, dan Amphibi jilid 5cTethy EzokanzohText a9786027943001 aCet. 1 aTethy Ezokanzo aEnsiklopedia Ilmiah Anak Muslim a20240820095835 aJakartabKaisar Ilmuc2013 aIndonesia aNONE atext